Mastering WordPerfect 5.1 : (Record no. 164219)

MARC details
000 -LEADER
fixed length control field 00938cam a2200253 a 4500
008 - FIXED-LENGTH DATA ELEMENTS--GENERAL INFORMATION
fixed length control field
020 ## - INTERNATIONAL STANDARD BOOK NUMBER
International Standard Book Number 0028001761 (pbk)
049 ## - LOCAL HOLDINGS (OCLC)
Holding library MAIN
090 ## - LOCALLY ASSIGNED LC-TYPE CALL NUMBER (OCLC); LOCAL CALL NUMBER (RLIN)
Classification number (OCLC) (R) ; Classification number, CALL (RLIN) (NR) Z52.5.W65 CAM
003 - CONTROL NUMBER IDENTIFIER
control field
005 - DATE AND TIME OF LATEST TRANSACTION
control field 20230123134335.0
040 ## - CATALOGING SOURCE
Transcribing agency NUST
100 1# - MAIN ENTRY--PERSONAL NAME
Personal name Campbell, David R.
245 10 - TITLE STATEMENT
Title Mastering WordPerfect 5.1 :
Remainder of title covers versions 5.0 and 5.1 /
Statement of responsibility, etc. David R. Campbell, Mary V. Campbell.
260 ## - PUBLICATION, DISTRIBUTION, ETC.
Place of publication, distribution, etc. Lake Forest, Ill. :
Name of publisher, distributor, etc. Macmillan/McGraw-Hill,
Date of publication, distribution, etc. c1992.
300 ## - PHYSICAL DESCRIPTION
Extent xvii, 651 p. :
Other physical details ill. ;
Dimensions 24 cm. +
Accompanying material 2 computer disks (3 1/2-5 1/4 in.)
500 ## - GENERAL NOTE
General note System requirements for computer disks (same software on both disks): PC; DOS; WordPerfect 5.1; floppy or hard disk system; printer.
500 ## - GENERAL NOTE
General note Includes index.
630 00 - SUBJECT ADDED ENTRY--UNIFORM TITLE
Uniform title WordPerfect (Computer file)
650 #0 - SUBJECT ADDED ENTRY--TOPICAL TERM
Topical term or geographic name entry element Word processing.
700 1# - ADDED ENTRY--PERSONAL NAME
Personal name Campbell, Mary V.
907 ## - LOCAL DATA ELEMENT G, LDG (RLIN)
a .b10028225
b 22-01-07
c 17-04-03
942 ## - ADDED ENTRY ELEMENTS (KOHA)
Koha item type Ordinary Loan Books
Call number prefix Z52.5.W65 CAM
Holdings
Date last seen Total Checkouts Full call number Barcode Cost, replacement price Price effective from Koha item type Lost status Source of classification or shelving scheme Damaged status Not for loan Collection Withdrawn status Home library Current library Shelving location Date acquired Cost, normal purchase price
01/23/2023   Z52.5.W65 CAM 92003019948 80.00 01/23/2023 BOOKS   LCC     NFIC   MAIN MAIN GEN 01/23/2023 80.00